000 00933nas a2200289 4500
001 BR2010005660
003 BR-BrBNA
005 20231205114824.0
007 ta
008 230509b bl.|||p| |||| 00| 00por d
040 _aBR-BrBNA
_bpor
_cBiblioteca Nacional de Agricultura
041 _a(En)
072 _aL74; L70
100 1 _aSoares, E.C.
100 1 _aPereira, G.G.
100 1 _aPetrus, L.C.
100 1 _aLeomil Neto, M.
100 1 _aYamaki, F.L.
100 1 _aLarsson, M.H.M.A.
245 1 _aSurvival and echocardiographic evaluation of dogs with idiopathic dilatedf cardiomyopathy treated with carvedilol
650 _aCÃO
650 _aDISTÚRBIO FISIOLÓGICO
650 _aVETERINÁRIA
773 0 _tArquivo Brasileiro de Medicina Veterinária e Zootecnia (Brazil)
_xISSN 0102-0935
_g(Jun 2010), v. 62(3) p. 555-563
_wBR2010005660
909 _a202311
_bLúcia
_c55
_dLúcia Elande
942 _2AGRIS
_n0
_cANA
999 _c210671
_d210671